[Event "FRA-chT2 0910"]
[Site "France"]
[Date "2009.11.22"]
[Round "4.2"]
[White "Rada Equiza, Miguel"]
[Black "Sanchez, Nicolas"]
[Result "1-0"]
[WhiteElo "2262"]
[BlackElo "2178"]
[PlyCount "71"]
[EventDate "2009.09.27"]
[EventType "team"]
[EventRounds "11"]
[EventCountry "FRA"]
[SourceDate "2009.07.26"]

1. e4 c5 2. Nf3 d6 3. d4 cxd4 4. Nxd4 Nf6 5. Nc3 a6 6. Be3 e5 7. Nb3 Be6 8. Qd2
Be7 9. O-O-O Nbd7 10. f4 b5 11. h3 O-O 12. f5 Bc4 13. g4 Bxf1 14. Rhxf1 b4 15.
Nd5 Nxd5 16. exd5 a5 17. Kb1 h6 18. Nc1 Rc8 19. Ne2 Bg5 20. Ng3 Bxe3 21. Qxe3
Qc7 22. Rd2 f6 23. h4 Qc5 24. Qe1 Qb6 25. g5 fxg5 26. hxg5 hxg5 27. Ne4 Nf6 28.
Nxg5 Rc4 29. Ne6 Re4 30. Qg3 Rg4 31. Qh3 Rc8 32. Rg2 Rcc4 33. Rh1 Kf7 34. Qh8
Ke7 35. Qf8+ Kd7 36. Qf7+ 1-0

[Event "FRA-chT2 0910"]
[Site "France"]
[Date "2009.11.22"]
[Round "4.3"]
[White "Bedos, Michel"]
[Black "Navarrete Delgado, Sergio"]
[Result "1/2-1/2"]
[WhiteElo "2272"]
[BlackElo "2241"]
[PlyCount "31"]
[EventDate "2009.09.27"]
[EventType "team"]
[EventRounds "11"]
[EventCountry "FRA"]
[SourceDate "2009.07.26"]

1. d4 d5 2. Bf4 Nf6 3. a3 e6 4. e3 c5 5. c3 Qb6 6. b4 cxb4 7. axb4 Bd7 8. Nd2
Be7 9. Bd3 O-O 10. Ne2 Rc8 11. O-O Bb5 12. Qb1 Nbd7 13. Ra5 a6 14. Re1 Qc6 15.
Bg5 h6 16. Bxf6 1/2-1/2

[Event "FRA-chT2 0910"]
[Site "France"]
[Date "2009.11.22"]
[Round "4.4"]
[White "Ducret, Thomas"]
[Black "Daloz, Jean Michel"]
[Result "1/2-1/2"]
[WhiteElo "2201"]
[BlackElo "2165"]
[PlyCount "37"]
[EventDate "2009.09.27"]
[EventType "team"]
[EventRounds "11"]
[EventCountry "FRA"]
[SourceDate "2009.07.26"]

1. Nf3 c5 2. c4 b6 3. g3 Bb7 4. Bg2 d6 5. O-O e6 6. Nc3 Nf6 7. Re1 Nbd7 8. e4
Rc8 9. b3 Qc7 10. Bb2 Be7 11. d4 cxd4 12. Nxd4 a6 13. Qe2 O-O 14. Rad1 Rfe8 15.
f4 e5 16. Nf5 Bf8 17. Qd2 exf4 18. gxf4 Qc5+ 19. Nd4 1/2-1/2

[Event "FRA-chT2 0910"]
[Site "France"]
[Date "2009.11.22"]
[Round "4.5"]
[White "Iwanesko, Alexandre"]
[Black "Relea, Nicolas"]
[Result "1-0"]
[WhiteElo "2195"]
[BlackElo "2200"]
[PlyCount "65"]
[EventDate "2009.09.27"]
[EventType "team"]
[EventRounds "11"]
[EventCountry "FRA"]
[SourceDate "2009.07.26"]

1. e4 d5 2. exd5 Qxd5 3. Nc3 Qa5 4. d4 Nf6 5. Nf3 Bg4 6. h3 Qh5 7. hxg4 Qxh1 8.
Ne2 g5 9. Ng3 Qh6 10. Nxg5 Qh4 11. Bc4 e6 12. Qf3 Nbd7 13. Nh5 O-O-O 14. g3 Qh2
15. Nxf6 Nb6 16. Bf1 Be7 17. Be3 Bxf6 18. Qxf6 Nd5 19. Qf3 f6 20. Ne4 f5 21.
gxf5 Nxe3 22. fxe3 Qxc2 23. Qg2 Qxg2 24. Bxg2 exf5 25. Bh3 Rhf8 26. Nc5 Rde8
27. Kf2 b6 28. Nd3 Kd7 29. Re1 Kd6 30. Bg2 Re7 31. b4 Ke6 32. Ne5 Rd8 33. Nc6
1-0

[Event "FRA-chT2 0910"]
[Site "France"]
[Date "2009.11.22"]
[Round "4.6"]
[White "Dezaele, Christophe"]
[Black "Bolon, Karelle"]
[Result "0-1"]
[WhiteElo "2139"]
[BlackElo "2099"]
[PlyCount "70"]
[EventDate "2009.09.27"]
[EventType "team"]
[EventRounds "11"]
[EventCountry "FRA"]
[SourceDate "2009.07.26"]

1. d4 d5 2. Nf3 c6 3. g3 Bf5 4. Bg2 e6 5. O-O Nf6 6. Nbd2 c5 7. c4 Nc6 8. cxd5
exd5 9. dxc5 Bxc5 10. Nb3 Be7 11. Nbd4 Be4 12. Bh3 O-O 13. Be3 Na5 14. b3 Ba3
15. Qd2 Nc6 16. Nb5 Bb4 17. Qb2 Qa5 18. a3 Qxb5 19. axb4 Qxb4 20. Rfc1 Rfe8 21.
Ra4 Qe7 22. Nd4 Qe5 23. Qd2 Qh5 24. Bf1 Ng4 25. h4 Nce5 26. f3 Bxf3 27. Bf2
Nxf2 28. Kxf2 Be4 29. Qf4 Ng6 30. Qc7 Qh6 31. Rc3 Ne5 32. Qxb7 Qd2 33. Qc7 Ng4+
34. Kg1 Qe1 35. Rc1 Qf2# 0-1

[Event "FRA-chT2 0910"]
[Site "France"]
[Date "2009.11.22"]
[Round "4.7"]
[White "Huchet, Francois"]
[Black "Bedue, Julien"]
[Result "0-1"]
[WhiteElo "1987"]
[BlackElo "2081"]
[PlyCount "72"]
[EventDate "2009.09.27"]
[EventType "team"]
[EventRounds "11"]
[EventCountry "FRA"]
[SourceDate "2009.07.26"]

1. e4 e5 2. Nf3 Nf6 3. Nxe5 d6 4. Nf3 Nxe4 5. d3 Nf6 6. d4 d5 7. Bg5 Be7 8. Bd3
O-O 9. O-O Bg4 10. Nbd2 Nbd7 11. c3 c6 12. Qc2 h6 13. Bh4 g5 14. Bg3 Nh5 15.
Ne5 Nxe5 16. Bxe5 Ng7 17. Bxg7 Kxg7 18. f4 Bh5 19. fxg5 hxg5 20. Bf5 f6 21. Nf3
Bd6 22. g3 Qc7 23. Qg2 Rh8 24. Rae1 Rh6 25. Qd2 Kh8 26. Re6 Bxf3 27. Rxf3 Kg7
28. Re2 Rah8 29. Qe1 c5 30. Rfe3 Kf8 31. Re8+ Kf7 32. Rxh8 Rxh8 33. Be6+ Kg7
34. Bxd5 cxd4 35. cxd4 Qb6 36. Qc3 Be5 0-1

[Event "FRA-chT2 0910"]
[Site "France"]
[Date "2009.12.12"]
[Round "5.1"]
[White "Laclau, Daniel"]
[Black "Boudre, Jean Pierre"]
[Result "1/2-1/2"]
[WhiteElo "2274"]
[BlackElo "2334"]
[PlyCount "41"]
[EventDate "2009.09.27"]
[EventType "team"]
[EventRounds "11"]
[EventCountry "FRA"]
[SourceDate "2009.07.26"]

1. d4 Nf6 2. Nf3 d5 3. c4 c6 4. e3 Bg4 5. Nc3 e6 6. Qb3 Qb6 7. Nh4 Be7 8. h3
Bh5 9. g4 Bg6 10. Nxg6 hxg6 11. Bg2 dxc4 12. Qxc4 Nbd7 13. Bd2 Nd5 14. O-O-O g5
15. Kb1 Rd8 16. Rc1 a6 17. Ka1 g6 18. Be4 N7f6 19. Bg2 Nd7 20. Be4 N7f6 21. Bg2
1/2-1/2

[Event "FRA-chT2 0910"]
[Site "France"]
[Date "2009.12.12"]
[Round "5.2"]
[White "Faber, Michel"]
[Black "Francois, Sebastien"]
[Result "1-0"]
[WhiteElo "2224"]
[BlackElo "2052"]
[PlyCount "77"]
[EventDate "2009.09.27"]
[EventType "team"]
[EventRounds "11"]
[EventCountry "FRA"]
[SourceDate "2009.07.26"]

1. c4 Nf6 2. Nc3 g6 3. g3 Bg7 4. Bg2 e5 5. d3 O-O 6. Rb1 d6 7. b4 Nh5 8. e4 c6
9. Bf3 Nf6 10. h4 h5 11. Bg5 Be6 12. Nge2 Qc8 13. O-O Ng4 14. Be7 Qc7 15. Bxf8
Bxf8 16. Qc2 Nd7 17. a4 f5 18. d4 exd4 19. Nxd4 Bxc4 20. exf5 Nde5 21. Be2 Bf7
22. Nf3 Qd7 23. Nxe5 Nxe5 24. f4 Ng4 25. Bxg4 hxg4 26. fxg6 Bc4 27. Ne4 Qe6 28.
f5 Qe5 29. Qxc4+ d5 30. Qc3 Qxe4 31. Rbe1 Bxb4 32. Rxe4 Bxc3 33. Re7 b5 34. f6
Rd8 35. h5 bxa4 36. Kg2 Rb8 37. Rxa7 Rb2+ 38. Kh1 Rb8 39. h6 1-0

[Event "FRA-chT2 0910"]
[Site "France"]
[Date "2009.12.12"]
[Round "5.3"]
[White "Marco, Clement"]
[Black "Passager, Jean Pierre"]
[Result "0-1"]
[WhiteElo "2051"]
[BlackElo "2217"]
[PlyCount "84"]
[EventDate "2009.09.27"]
[EventType "team"]
[EventRounds "11"]
[EventCountry "FRA"]
[SourceDate "2009.07.26"]

1. e4 e6 2. d4 d5 3. e5 c5 4. c3 Qb6 5. a3 Bd7 6. b4 cxb4 7. cxb4 a5 8. b5 Bxb5
9. Qb3 Bb4+ 10. axb4 Bxf1 11. Kxf1 Nc6 12. Ne2 Nge7 13. b5 Nxd4 14. Nxd4 Qxd4
15. Bb2 Qf4 16. Ra4 Qf5 17. Nd2 O-O 18. g4 Qg6 19. Ba3 Rfe8 20. h3 h5 21. Rg1
Qh6 22. Qd3 hxg4 23. Bxe7 Rxe7 24. Raxg4 f5 25. exf6 Qxf6 26. Rg6 Qb2 27. Ke2
Rf8 28. Rh6 Rf5 29. Rh4 Ref7 30. f4 Qf6 31. Rgg4 Rc7 32. Nf3 Qb2+ 33. Nd2 Rc4
34. Kf1 Rd4 35. Rxg7+ Kxg7 36. Qg3+ Kf8 37. Rh8+ Ke7 38. Qh4+ Rf6 39. Rh7+ Kd6
40. Qxf6 Qa1+ 41. Nb1 Qxb1+ 42. Kf2 Qb2+ 0-1

[Event "FRA-chT2 0910"]
[Site "France"]
[Date "2009.12.12"]
[Round "5.4"]
[White "Daumens, Michel"]
[Black "Pellegrin, Philippe"]
[Result "1-0"]
[WhiteElo "2134"]
[BlackElo "2013"]
[PlyCount "55"]
[EventDate "2009.09.27"]
[EventType "team"]
[EventRounds "11"]
[EventCountry "FRA"]
[SourceDate "2009.07.26"]

1. d4 Nf6 2. c4 d6 3. Nc3 c6 4. e4 Qc7 5. Bd3 e5 6. Nge2 Be7 7. O-O O-O 8. h3
Nbd7 9. Be3 a6 10. a4 Re8 11. f4 exd4 12. Bxd4 b6 13. Qc2 c5 14. Nd5 Nxd5 15.
cxd5 Bf6 16. Bf2 Bb7 17. Ng3 g6 18. Rae1 Rac8 19. Bc4 Bg7 20. Re2 Re7 21. Rfe1
Rce8 22. Qd3 Nb8 23. Nf1 Qc8 24. Bh4 Rc7 25. e5 b5 26. axb5 axb5 27. exd6 Rxe2
28. Qxe2 1-0

[Event "FRA-chT2 0910"]
[Site "France"]
[Date "2009.12.12"]
[Round "5.5"]
[White "Pascal Mousselard, Philippe"]
[Black "Lagunes, Jean Renaud"]
[Result "1/2-1/2"]
[WhiteElo "1936"]
[BlackElo "2103"]
[PlyCount "120"]
[EventDate "2009.09.27"]
[EventType "team"]
[EventRounds "11"]
[EventCountry "FRA"]
[SourceDate "2009.07.26"]

1. b3 e5 2. Bb2 Nc6 3. e3 f5 4. Nf3 e4 5. Nd4 Nxd4 6. Bxd4 Nf6 7. Be2 Be7 8.
O-O O-O 9. d3 d5 10. c4 c6 11. Nc3 Be6 12. Rc1 Qd6 13. cxd5 Nxd5 14. Nxd5 Qxd5
15. dxe4 Qxe4 16. Bc4 Bd5 17. Bxd5+ Qxd5 18. Bc5 Qe6 19. Bxe7 Qxe7 20. Qc2 Rad8
21. Rfd1 g6 22. Rxd8 Rxd8 23. Rd1 Rd6 24. Rxd6 Qxd6 25. g3 Qd5 26. Kf1 c5 27.
Ke2 b5 28. Qd3 Qxd3+ 29. Kxd3 Kf7 30. e4 Ke6 31. f3 g5 32. exf5+ Kxf5 33. Kc3
h5 34. Kd3 h4 35. Ke3 h3 36. Kd3 Ke5 37. Kc3 Kd5 38. Kd3 Ke5 39. Kc3 Ke6 40.
Kd2 Kd6 41. Kc2 Ke5 42. Kc3 Kd5 43. Kd3 b4 44. f4 gxf4 45. gxf4 a6 46. Ke3 Ke6
47. Ke4 Kf6 48. Kf3 Kf5 49. Ke3 a5 50. Kf3 c4 51. bxc4 a4 52. c5 b3 53. axb3
axb3 54. c6 Ke6 55. f5+ Kd6 56. f6 b2 57. f7 Ke7 58. f8=Q+ Kxf8 59. c7 b1=Q 60.
c8=Q+ Kg7 1/2-1/2

[Event "FRA-chT2 0910"]
[Site "France"]
[Date "2009.12.12"]
[Round "5.6"]
[White "Pilte, Nicolas"]
[Black "Pouplin, Johan"]
[Result "1-0"]
[WhiteElo "2078"]
[BlackElo "1782"]
[PlyCount "47"]
[EventDate "2009.09.27"]
[EventType "team"]
[EventRounds "11"]
[EventCountry "FRA"]
[SourceDate "2009.07.26"]

1. e4 c5 2. c3 Nf6 3. e5 Nd5 4. d4 cxd4 5. Nf3 e6 6. cxd4 b6 7. Nc3 Nxc3 8.
bxc3 Qc7 9. Qc2 Bb7 10. Bd3 Na6 11. O-O Rc8 12. Qe2 Nb8 13. Bd2 Be7 14. Rac1
O-O 15. Ng5 g6 16. Qg4 Kg7 17. f4 d6 18. f5 exf5 19. Bxf5 Rfd8 20. Bxg6 Bxg5
21. Bxh7 Kxh7 22. Qh5+ Kg8 23. Qxg5+ Kh7 24. Rf4 1-0

[Event "FRA-chT2 0910"]
[Site "France"]
[Date "2009.12.12"]
[Round "5.7"]
[White "Afangnibo, Jonathan"]
[Black "Kirk, Ezra"]
[Result "0-1"]
[WhiteElo "1812"]
[BlackElo "1919"]
[PlyCount "84"]
[EventDate "2009.09.27"]
[EventType "team"]
[EventRounds "11"]
[EventCountry "FRA"]
[SourceDate "2009.07.26"]

1. d4 Nf6 2. c4 g6 3. Nc3 Bg7 4. e4 d6 5. f3 O-O 6. Be3 Nbd7 7. Qd2 c5 8. d5 a6
9. Bd3 Ne5 10. Nge2 Bd7 11. O-O b5 12. b3 Rb8 13. cxb5 axb5 14. Bc2 b4 15. Na4
Bxa4 16. bxa4 Nc4 17. Qd3 Nxe3 18. Qxe3 Nd7 19. Rab1 Nb6 20. Qc1 Ra8 21. Qd1
Qd7 22. Nc1 Nxa4 23. Bxa4 Qxa4 24. Qxa4 Rxa4 25. Re1 Rfa8 26. f4 Bd4+ 27. Kf1
Ra3 28. Nb3 Bc3 29. Re2 Rxa2 30. Rxa2 Rxa2 31. Nc1 Ra1 32. Rxa1 Bxa1 33. Ke2 c4
34. Kd2 b3 35. Ne2 Kf8 36. Kc1 Ke8 37. Kb1 Bg7 38. Ng3 Kd7 39. Nf1 c3 40. Ne3
Bd4 41. Nc4 Kc7 42. e5 Bc5 0-1

[Event "FRA-chT2 0910"]
[Site "France"]
[Date "2009.12.12"]
[Round "5.8"]
[White "Soissong, Elzbieta"]
[Black "Fornell, Marie Therese"]
[Result "0-1"]
[WhiteElo "1674"]
[BlackElo "1510"]
[PlyCount "128"]
[EventDate "2009.09.27"]
[EventType "team"]
[EventRounds "11"]
[EventCountry "FRA"]
[SourceDate "2009.07.26"]

1. d4 c6 2. Nf3 d5 3. e3 Nf6 4. Nbd2 Bf5 5. Nh4 Bg6 6. Nxg6 hxg6 7. Bd3 e6 8.
c4 Qa5 9. O-O dxc4 10. Nxc4 Qc7 11. f4 Nbd7 12. Bd2 Nd5 13. Rc1 Bb4 14. e4 Bxd2
15. Qxd2 N5f6 16. Qb4 c5 17. dxc5 O-O 18. Nd6 Rab8 19. Qa3 a6 20. b4 Qd8 21. e5
Nd5 22. Be4 Qh4 23. g3 Qg4 24. Bf3 Qh3 25. Qb3 Kh7 26. Bxd5 exd5 27. Qxd5 Qg4
28. Nxb7 Qe2 29. Qxd7 Qe3+ 30. Kg2 Qe4+ 31. Kf2 Rxb7 32. Qd6 Rxb4 33. Rfd1 Rb2+
34. Rd2 Rfb8 35. Rcd1 Rxd2+ 36. Rxd2 Rb1 37. Qxa6 Qe1+ 38. Kf3 Qxd2 39. c6 Qd5+
40. Ke3 Rc1 41. c7 Rc3+ 42. Kf2 Rxc7 43. a3 Rc2+ 44. Ke3 Rc3+ 45. Ke2 Qa2+ 46.
Kd1 Qb1+ 47. Kd2 Qc2+ 48. Ke1 Re3+ 49. Kf1 Qd2 50. Kg1 Re1+ 51. Qf1 Rxf1+ 52.
Kxf1 Qa2 53. h3 Qxa3 54. Kf2 Qd3 55. Kg2 Qe4+ 56. Kh2 f6 57. exf6 gxf6 58. Kg1
Kh6 59. Kh2 Qf3 60. h4 Kh5 61. f5 Qxf5 62. Kg2 Kg4 63. Kh2 Qf2+ 64. Kh1 Kh3 0-1

[Event "FRA-chT2 0910"]
[Site "France"]
[Date "2009.12.12"]
[Round "5.1"]
[White "Van Elst, Andreas"]
[Black "Kosten, Anthony C"]
[Result "0-1"]
[WhiteElo "100"]
[BlackElo "2497"]
[PlyCount "64"]
[EventDate "2009.09.27"]
[EventType "team"]
[EventRounds "11"]
[EventCountry "FRA"]
[SourceDate "2009.07.26"]
[BlackTeam "Chamalières"]

1. d4 Nf6 2. c4 e6 3. Nc3 Bb4 4. e3 O-O 5. Nge2 d5 6. a3 Bd6 7. cxd5 exd5 8. g3
c6 9. Bg2 a5 10. O-O Re8 11. f3 c5 12. Nb5 Bf8 13. dxc5 Bxc5 14. Nbd4 Nc6 15.
Qd3 Qb6 16. Bd2 Ne5 17. Qc3 Nc4 18. Bc1 Bd7 19. b3 Nd6 20. Qd3 Bb5 21. Nxb5
Nxb5 22. Kf2 d4 23. e4 Nc3 24. Bd2 Qxb3 25. Nf4 a4 26. Rfe1 Nd7 27. Bxc3 Ne5
28. Qd1 dxc3+ 29. Kf1 Nc4 30. Qd3 Rad8 31. Nd5 Nd2+ 32. Ke2 Rxd5 0-1

[Event "FRA-chT2 0910"]
[Site "France"]
[Date "2009.12.12"]
[Round "5.2"]
[White "Robin, Samy"]
[Black "Luminais, Eric"]
[Result "0-1"]
[WhiteElo "2354"]
[BlackElo "2200"]
[PlyCount "72"]
[EventDate "2009.09.27"]
[EventType "team"]
[EventRounds "11"]
[EventCountry "FRA"]
[SourceDate "2009.07.26"]

1. e4 c5 2. Nf3 e6 3. d4 cxd4 4. Nxd4 Nf6 5. Bd3 Nc6 6. Nb3 d5 7. exd5 Nxd5 8.
Bd2 Be7 9. O-O Bf6 10. c3 O-O 11. Na3 Re8 12. Qc2 g6 13. Rfd1 a6 14. Be4 Qc7
15. Nc4 Bg7 16. a4 Nf6 17. a5 Ne7 18. Nb6 Rb8 19. Bf3 e5 20. Nxc8 Rbxc8 21. Be3
e4 22. Bb6 Qf4 23. Be3 Qb8 24. Bxe4 Ng4 25. g3 Nxe3 26. fxe3 Nc6 27. Nd4 Ne5
28. Qg2 Rc7 29. Re1 Rce7 30. Bd5 Qc7 31. e4 Qc5 32. Red1 Nd7 33. Rd2 Nf6 34. b4
Qa7 35. c4 Nxd5 36. Qf2 Nxb4 0-1

[Event "FRA-chT2 0910"]
[Site "France"]
[Date "2009.12.12"]
[Round "5.3"]
[White "Planell, Eric"]
[Black "Ollier, Pablo"]
[Result "0-1"]
[WhiteElo "2176"]
[BlackElo "2259"]
[PlyCount "72"]
[EventDate "2009.09.27"]
[EventType "team"]
[EventRounds "11"]
[EventCountry "FRA"]
[SourceDate "2009.07.26"]

1. d4 Nf6 2. c4 e6 3. Nf3 Bb4+ 4. Bd2 c5 5. Bxb4 cxb4 6. Nbd2 O-O 7. e4 d6 8.
e5 dxe5 9. dxe5 Nfd7 10. Bd3 Nc6 11. Qe2 Qc7 12. Qe4 g6 13. O-O Ndxe5 14. Bc2
Nxf3+ 15. Nxf3 e5 16. Qh4 f6 17. Rad1 Be6 18. Rd2 Kg7 19. Be4 Rad8 20. Bd5 Bxd5
21. cxd5 Ne7 22. Qe4 Qd6 23. Rfd1 Rc8 24. h4 h5 25. Re1 Nf5 26. g4 hxg4 27.
Qxg4 Rh8 28. Re4 Rc1+ 29. Kg2 a5 30. Rc4 Qd7 31. Re4 Rc5 32. d6 Rc6 33. Nd4
Nxh4+ 34. Kg3 Qxg4+ 35. Kxg4 f5+ 36. Kg3 fxe4 0-1

[Event "FRA-chT2 0910"]
[Site "France"]
[Date "2009.12.12"]
[Round "5.4"]
[White "Blanc, Sebastien"]
[Black "Entem, Alan"]
[Result "1/2-1/2"]
[WhiteElo "2128"]
[BlackElo "2122"]
[PlyCount "69"]
[EventDate "2009.09.27"]
[EventType "team"]
[EventRounds "11"]
[EventCountry "FRA"]
[SourceDate "2009.07.26"]

1. d4 g6 2. e4 Bg7 3. Nc3 c5 4. Be3 cxd4 5. Bxd4 Nf6 6. Bc4 Nc6 7. Be3 O-O 8.
f3 d6 9. Qd2 Bd7 10. Bh6 Ne5 11. Bb3 Re8 12. Bxg7 Kxg7 13. h4 h5 14. O-O-O a5
15. a4 Qb8 16. g4 hxg4 17. f4 Nc6 18. Nge2 Rh8 19. f5 Ne5 20. fxg6 fxg6 21.
Rdf1 b5 22. Ng3 bxa4 23. Bd5 a3 24. bxa3 Ra7 25. Qg5 Qc7 26. Nd1 Qc5 27. Ne3
Qxa3+ 28. Kd2 Qb4+ 29. Kc1 Qa3+ 30. Kd2 Nxd5 31. exd5 Qb4+ 32. Kc1 Nd3+ 33. Kd1
Nb2+ 34. Kc1 Nd3+ 35. Kd1 1/2-1/2

[Event "FRA-chT2 0910"]
[Site "France"]
[Date "2009.12.12"]
[Round "5.5"]
[White "Rodriguez, Angel"]
[Black "Ollier, Milan"]
[Result "1/2-1/2"]
[WhiteElo "2095"]
[BlackElo "2097"]
[PlyCount "61"]
[EventDate "2009.09.27"]
[EventType "team"]
[EventRounds "11"]
[EventCountry "FRA"]
[SourceDate "2009.07.26"]

1. f4 c5 2. Nf3 Nf6 3. d3 d5 4. e3 Bg4 5. Be2 Nc6 6. O-O g6 7. Ne5 Bxe2 8. Qxe2
Qc7 9. Nxc6 Qxc6 10. Nc3 d4 11. Nd1 dxe3 12. Nxe3 Bg7 13. Nc4 O-O 14. Bd2 b5
15. Ne5 Qe6 16. a4 Nd7 17. Rae1 b4 18. d4 cxd4 19. Bxb4 Nxe5 20. fxe5 Rfd8 21.
Qe4 Rab8 22. Bc5 Rxb2 23. Bxd4 Rb4 24. c3 Rxa4 25. Ra1 f5 26. Qe2 Rxa1 27. Rxa1
Qd5 28. Ra6 Rd6 29. Rxa7 Rc6 30. Qb5 h6 31. Ra8+ 1/2-1/2

[Event "FRA-chT2 0910"]
[Site "France"]
[Date "2009.12.12"]
[Round "5.6"]
[White "Mania, Clement"]
[Black "Muratet, Lucas"]
[Result "1-0"]
[WhiteElo "2055"]
[BlackElo "1951"]
[PlyCount "55"]
[EventDate "2009.09.27"]
[EventType "team"]
[EventRounds "11"]
[EventCountry "FRA"]
[SourceDate "2009.07.26"]

1. e4 c5 2. f4 e6 3. Nf3 Nc6 4. c3 Nf6 5. d3 d5 6. e5 Nd7 7. g3 Be7 8. Bg2 Rb8
9. a4 a6 10. O-O b5 11. axb5 axb5 12. Be3 O-O 13. Nbd2 Nb6 14. Qe2 Bd7 15. b3
b4 16. c4 Ra8 17. Rxa8 Qxa8 18. d4 cxd4 19. Nxd4 Qa6 20. Qf2 Rb8 21. Nxc6 Bxc6
22. f5 d4 23. Bxd4 Bxg2 24. Kxg2 Bf8 25. fxe6 Qb7+ 26. Kh3 Qc8 27. Qxf7+ Kh8
28. Bxb6 1-0

[Event "FRA-chT2 0910"]
[Site "France"]
[Date "2009.12.12"]
[Round "5.7"]
[White "Tosello, Mickael"]
[Black "Julien, Clement"]
[Result "1/2-1/2"]
[WhiteElo "1736"]
[BlackElo "1817"]
[PlyCount "41"]
[EventDate "2009.09.27"]
[EventType "team"]
[EventRounds "11"]
[EventCountry "FRA"]
[SourceDate "2009.07.26"]

1. e4 e5 2. Nf3 Nc6 3. Bb5 a6 4. Bxc6 dxc6 5. O-O Bg4 6. d3 Qf6 7. Nbd2 Ne7 8.
Qe2 Ng6 9. Qe3 Bd6 10. c3 Nf4 11. d4 O-O 12. dxe5 Bxe5 13. Nxe5 Qxe5 14. Nf3
Bxf3 15. Qxf4 Qxf4 16. Bxf4 Bxe4 17. Bxc7 Rfe8 18. Rfe1 Bf5 19. f3 f6 20. Kf2
Kf7 21. Rad1 1/2-1/2

[Event "FRA-chT2 0910"]
[Site "France"]
[Date "2009.12.12"]
[Round "5.8"]
[White "Roger, Juliette"]
[Black "Pelletier, Rachel"]
[Result "1/2-1/2"]
[WhiteElo "1548"]
[BlackElo "1774"]
[PlyCount "61"]
[EventDate "2009.09.27"]
[EventType "team"]
[EventRounds "11"]
[EventCountry "FRA"]
[SourceDate "2009.07.26"]

1. e4 c5 2. d4 cxd4 3. c3 dxc3 4. Nxc3 Nc6 5. Nf3 g6 6. Bc4 Bg7 7. O-O e6 8.
Qe2 Nge7 9. Rd1 O-O 10. Bf4 a6 11. e5 Nf5 12. Ne4 b5 13. Bb3 Qb6 14. Nf6+ Kh8
15. Ng5 Bxf6 16. exf6 Qd8 17. Rac1 Ncd4 18. Qe3 Qxf6 19. Rxd4 Qxd4 20. Qxd4+
Nxd4 21. Be5+ Kg8 22. Bxd4 Bb7 23. Rd1 h6 24. Nh3 Bc6 25. f3 f6 26. Nf2 Kg7 27.
Bc3 d5 28. Nd3 a5 29. a3 e5 30. Nc5 Rfc8 31. Bxd5 1/2-1/2

[Event "FRA-chT2 0910"]
[Site "France"]
[Date "2009.12.12"]
[Round "5.1"]
[White "Navarrete Delgado, Sergio"]
[Black "Flear, Glenn C"]
[Result "0-1"]
[WhiteElo "2241"]
[BlackElo "2497"]
[PlyCount "112"]
[EventDate "2009.09.27"]
[EventType "team"]
[EventRounds "11"]
[EventCountry "FRA"]
[SourceDate "2009.07.26"]
[BlackTeam "L'Echiquier du Roy René"]

1. e4 e5 2. Nf3 Nc6 3. Bc4 Nf6 4. d3 Be7 5. c3 O-O 6. O-O d6 7. h3 Na5 8. Bb5
a6 9. Ba4 b5 10. Bc2 c5 11. d4 Qc7 12. d5 Bd7 13. Re1 c4 14. Nbd2 Nb7 15. Nf1
Nc5 16. g4 h5 17. N3h2 hxg4 18. hxg4 Nh7 19. Ng3 Bg5 20. Kg2 Qd8 21. Rh1 g6 22.
Qg1 Qf6 23. f3 Kg7 24. Nhf1 Rh8 25. Be3 Bf4 26. Ne2 Bxe3 27. Qxe3 Ng5 28. Nfg3
a5 29. Rxh8 Rxh8 30. Rh1 Rxh1 31. Nxh1 Nh7 32. Nf2 Qd8 33. Ng3 Ng5 34. Qc1 f6
35. Qe3 b4 36. Qd2 Qb6 37. Ne2 b3 38. axb3 cxb3 39. Bd3 a4 40. Nd1 Bb5 41. c4
Ba6 42. Ne3 Nxd3 43. Qxd3 a3 44. bxa3 b2 45. Nc3 Qb3 46. Ned1 Bxc4 47. Qb1 Be2
48. Qxb2 Bxf3+ 49. Kf2 Bxd1 50. Qxb3 Bxb3 51. a4 Kf8 52. Ke3 Ke7 53. a5 Bc4 54.
Na2 Kd7 55. Nb4 Bb5 56. Nc2 Kc7 0-1

[Event "FRA-chT2 0910"]
[Site "France"]
[Date "2009.12.12"]
[Round "5.2"]
[White "Valles, Manuel"]
[Black "Rada Equiza, Miguel"]
[Result "1/2-1/2"]
[WhiteElo "2200"]
[BlackElo "2262"]
[PlyCount "70"]
[EventDate "2009.09.27"]
[EventType "team"]
[EventRounds "11"]
[EventCountry "FRA"]
[SourceDate "2009.07.26"]

1. d4 f5 2. c4 Nf6 3. Nc3 g6 4. h4 Bg7 5. h5 Nxh5 6. e4 Nf6 7. e5 Ne4 8. Nxe4
fxe4 9. Bh6 Bxh6 10. Rxh6 c5 11. d5 Qa5+ 12. Qd2 Qxd2+ 13. Kxd2 O-O 14. Ke3 e6
15. dxe6 dxe6 16. f4 Nc6 17. Ne2 Rd8 18. g3 Nb4 19. Kxe4 b6 20. Kf3 Bb7+ 21.
Kg4 Kg7 22. Kg5 Rd2 23. g4 Rad8 24. f5 exf5 25. gxf5 gxf5 26. Nf4 Rg8 27. Bh3
Be4 28. e6 Nc2 29. Rc1 Nd4 30. Nh5+ Kh8+ 31. Kf6 Nc6 32. Rf1 Rf8+ 33. Kg5 Rg8+
34. Kf6 Rf8+ 35. Kg5 Rg8+ 1/2-1/2

[Event "FRA-chT2 0910"]
[Site "France"]
[Date "2009.12.12"]
[Round "5.3"]
[White "Mindeguia Guruceaga, Juan Jesus"]
[Black "Flear, Christine"]
[Result "1-0"]
[WhiteElo "2166"]
[BlackElo "2147"]
[PlyCount "65"]
[EventDate "2009.09.27"]
[EventType "team"]
[EventRounds "11"]
[EventCountry "FRA"]
[SourceDate "2009.07.26"]

1. e4 c5 2. Nf3 e6 3. c3 Nf6 4. e5 Nd5 5. d4 cxd4 6. cxd4 d6 7. Bc4 Nd7 8. O-O
N7b6 9. Bb3 Bd7 10. Nc3 Nxc3 11. bxc3 Qc7 12. Qd3 Rc8 13. Bd2 d5 14. h4 Nc4 15.
h5 h6 16. Bc1 Bb5 17. Qd1 Nb6 18. Re1 Qxc3 19. Bd2 Qb2 20. Rb1 Qa3 21. Bxd5
Nxd5 22. Rxb5 b6 23. Qb1 Be7 24. Rxd5 exd5 25. Qb5+ Kf8 26. Qxd5 Rd8 27. Qc4 a6
28. e6 b5 29. Qe2 Qxa2 30. exf7 Qxf7 31. Ne5 Qf6 32. Ng6+ Kf7 33. Bb4 1-0

[Event "FRA-chT2 0910"]
[Site "France"]
[Date "2009.12.12"]
[Round "5.4"]
[White "Milesi, Laurent"]
[Black "Ducret, Thomas"]
[Result "1-0"]
[WhiteElo "2124"]
[BlackElo "2197"]
[PlyCount "65"]
[EventDate "2009.09.27"]
[EventType "team"]
[EventRounds "11"]
[EventCountry "FRA"]
[SourceDate "2009.07.26"]

1. b3 d5 2. Bb2 c6 3. e3 Bf5 4. f4 e6 5. Nf3 Nf6 6. Be2 h6 7. O-O Nbd7 8. a4
Bd6 9. Na3 Qe7 10. Qe1 g5 11. Ne5 Rg8 12. a5 a6 13. c4 Bb4 14. Nb1 Nc5 15. Qd1
gxf4 16. Rxf4 Nce4 17. Kh1 dxc4 18. bxc4 Rd8 19. d3 Bd6 20. Qe1 Qc7 21. dxe4
Bxe5 22. Bxe5 Qxe5 23. Qc3 Qxf4 24. exf4 Nxe4 25. Qe3 Ke7 26. Nc3 Nxc3 27. Qxc3
Be4 28. Bf3 Bxf3 29. Qxf3 Rd2 30. Qa3+ Ke8 31. g3 h5 32. Qe3 Rc2 33. Qd3 1-0